MARC

LEADER 00000nam0a2200000 4500
001 74405
005 20231031085314.0
035 |a (RuTPU)RU\TPU\book\79345 
090 |a 74405 
100 |a 20050303d1949 m y0rusy50 ca 
101 0 |a rus 
102 |a RU 
105 |a a j 001zy 
200 1 |a Производство азотной кислоты  |e [учебное пособие]  |f С. И. Каргин, С. П. Петунов, И. С. Митропольский 
210 |a Москва  |c Госхимиздат  |d 1949 
215 |a 335 с.  |c ил. 
320 |a Библиогр.: с. 329-330. 
320 |a Предметный указатель: с. 330-335. 
610 1 |a азотная кислота 
610 1 |a производство 
610 1 |a свойства 
610 1 |a окисление 
610 1 |a аппаратура 
610 1 |a техника безопасности 
610 1 |a учебные пособия 
675 |a 661(075.32)  |v 3 
700 1 |a Каргин  |b С. И.  |g Степан Иванович 
701 1 |a Петунов  |b С. П. 
701 1 |a Митропольский  |b И. С. 
801 1 |a RU  |b 63413507  |c 20050303  |g PSBO 
801 2 |a RU  |b 63413507  |c 20160510  |g PSBO 
942 |c BK